<?xml version="1.0" encoding="UTF-8"?>
<record
    xmlns:xsi="http://www.w3.org/2001/XMLSchema-instance"
    xsi:schemaLocation="http://www.loc.gov/MARC21/slim http://www.loc.gov/standards/marcxml/schema/MARC21slim.xsd"
    xmlns="http://www.loc.gov/MARC21/slim">

  <leader>02522nam a22002897a 4500</leader>
  <controlfield tag="001">8887</controlfield>
  <controlfield tag="003">FISKH</controlfield>
  <controlfield tag="005">20251030083819.0</controlfield>
  <controlfield tag="008">251030b        cb ||||| |||| 00| 0 eng d</controlfield>
  <datafield tag="040" ind1=" " ind2=" ">
    <subfield code="a">FISKH</subfield>
    <subfield code="b">khr</subfield>
    <subfield code="c">FISKH</subfield>
    <subfield code="d">FISKH</subfield>
  </datafield>
  <datafield tag="050" ind1=" " ind2=" ">
    <subfield code="a">PZ7</subfield>
  </datafield>
  <datafield tag="082" ind1=" " ind2=" ">
    <subfield code="a">895</subfield>
  </datafield>
  <datafield tag="100" ind1=" " ind2=" ">
    <subfield code="a">Anonymous</subfield>
  </datafield>
  <datafield tag="245" ind1=" " ind2=" ">
    <subfield code="a">&#x179F;&#x1798;&#x17D2;&#x179B;&#x17C0;&#x1780;&#x1794;&#x17C6;&#x1796;&#x17B6;&#x1780;&#x17CB;&#x1790;&#x17D2;&#x1798;&#x17B8;&#x179A;&#x1794;&#x179F;&#x17CB;&#x1796;&#x17D2;&#x179A;&#x17C7;&#x1785;&#x17C5;&#x17A2;&#x1792;&#x17B7;&#x179A;&#x17B6;&#x1787; /</subfield>
    <subfield code="c">By Anonymous</subfield>
  </datafield>
  <datafield tag="260" ind1=" " ind2=" ">
    <subfield code="a">Phnom Penh : </subfield>
  </datafield>
  <datafield tag="300" ind1=" " ind2=" ">
    <subfield code="a">16 pages : </subfield>
    <subfield code="b">color illustrations ;</subfield>
    <subfield code="c">21 cm . </subfield>
  </datafield>
  <datafield tag="490" ind1=" " ind2=" ">
    <subfield code="a">&#x179A;&#x17BF;&#x1784;&#x1793;&#x17B7;&#x1791;&#x17B6;&#x1793;&#x179F;&#x1798;&#x17D2;&#x179A;&#x17B6;&#x1794;&#x17CB;&#x1780;&#x17BB;&#x1798;&#x17B6;&#x179A;</subfield>
  </datafield>
  <datafield tag="505" ind1=" " ind2=" ">
    <subfield code="a">K 
</subfield>
  </datafield>
  <datafield tag="520" ind1=" " ind2=" ">
    <subfield code="a">&#x1798;&#x17B6;&#x1793;&#x1796;&#x17D2;&#x179A;&#x17C7;&#x1785;&#x17C5;&#x17A2;&#x1792;&#x17B7;&#x179A;&#x17B6;&#x1787;&#x1798;&#x17BD;&#x1799;&#x17A2;&#x1784;&#x17D2;&#x1782;&#x1782;&#x17D2;&#x179A;&#x1784;&#x179A;&#x17B6;&#x1787;&#x1793;&#x17C5;&#x1793;&#x1782;&#x179A;&#x1798;&#x17BD;&#x1799; &#x17D4; &#x1791;&#x17D2;&#x179A;&#x1784;&#x17CB;&#x179F;&#x1796;&#x17D2;&#x179C;&#x17A0;&#x179A;&#x1791;&#x17D0;&#x1799;&#x1793;&#x17B9;&#x1784;&#x179F;&#x1798;&#x17D2;&#x179B;&#x17B6;&#x1780;&#x17CB;&#x1794;&#x17C6;&#x1796;&#x17B6;&#x1780;&#x17CB;&#x179B;&#x17D2;&#x17A2;&#x17D7;&#x178A;&#x17C2;&#x179B;&#x1798;&#x17B6;&#x1793;&#x178F;&#x1798;&#x17D2;&#x179B;&#x17C3;&#x1790;&#x17D2;&#x179B;&#x17C3; &#x17D4; &#x1790;&#x17D2;&#x179B;&#x17C3;&#x1798;&#x17BD;&#x1799;&#x1798;&#x17B6;&#x1793;&#x1785;&#x17C4;&#x179A;&#x1794;&#x1793;&#x17D2;&#x179B;&#x17C6;&#x1781;&#x17D2;&#x179B;&#x17BD;&#x1793;&#x1792;&#x17D2;&#x179C;&#x17BE;&#x1787;&#x17B6;&#x1787;&#x17B6;&#x1784;&#x178A;&#x17C1;&#x179A;&#x200B; &#x1796;&#x17BD;&#x1780;&#x1785;&#x17C4;&#x179A;&#x1780;&#x17CF;&#x1794;&#x17B6;&#x1793;&#x1798;&#x17B6;&#x179F;&#x1787;&#x17B6;&#x1785;&#x17D2;&#x179A;&#x17BE;&#x1793;&#x1796;&#x17B8;&#x1796;&#x17D2;&#x179A;&#x17C7;&#x1785;&#x17C5;&#x17A2;&#x1792;&#x17B7;&#x179A;&#x17B6;&#x1787;&#x178F;&#x17C2;&#x17A2;&#x17D2;&#x179C;&#x17B8;&#x178A;&#x17C2;&#x179B;&#x1791;&#x17D2;&#x179A;&#x1784;&#x17CB;&#x1791;&#x1791;&#x17BD;&#x179B;&#x1794;&#x17B6;&#x1793;&#x1793;&#x17C4;&#x17C7;&#x1782;&#x17B8; &#x17A2;&#x17B6;&#x179C;&#x1798;&#x17BD;&#x1799; &#x1781;&#x17C4;&#x1798;&#x17BD;&#x1799;&#x1793;&#x17B7;&#x1784;&#x1795;&#x17B6;&#x17A0;&#x17BB;&#x17C6;&#x1798;&#x17BD;&#x1799; &#x17D4; &#x178F;&#x17C2;&#x1791;&#x17D2;&#x179A;&#x1784;&#x17CB;&#x179F;&#x1796;&#x17D2;&#x179C;&#x17A0;&#x179A;&#x1791;&#x17D0;&#x1799;&#x178E;&#x17B6;&#x179F;&#x17CB;&#x1791;&#x17D2;&#x179A;&#x1784;&#x17CB;&#x1794;&#x17B6;&#x1793;&#x179F;&#x17D2;&#x179B;&#x17C0;&#x1780;&#x1785;&#x17C1;&#x1789;&#x1780;&#x17D2;&#x179A;&#x17C5;&#x179A;&#x17B6;&#x1787;&#x179C;&#x17B6;&#x17C6;&#x1784; &#x179A;&#x17A0;&#x17BC;&#x178F;&#x1794;&#x17B6;&#x1793;&#x1787;&#x17BD;&#x1794;&#x1793;&#x17B9;&#x1784;&#x1780;&#x17D2;&#x1798;&#x17C1;&#x1784;&#x1798;&#x17D2;&#x1793;&#x17B6;&#x1780;&#x17CB;&#x1793;&#x17B7;&#x1799;&#x17B6;&#x1799;&#x1790;&#x17B6;&#x1791;&#x17D2;&#x179A;&#x1784;&#x17CB;&#x179F;&#x17D2;&#x179A;&#x17B6;&#x178F;&#x1793;&#x1793;&#x179B;&#x1782;&#x1780;&#x200B; &#x1792;&#x17D2;&#x179C;&#x17BE;&#x17A2;&#x17C4;&#x1799;&#x1791;&#x17D2;&#x179A;&#x1784;&#x17CB;&#x1781;&#x17D2;&#x1798;&#x17B6;&#x179F;&#x17A0;&#x17BE;&#x1799;&#x1780;&#x17CF;&#x178F;&#x17D2;&#x179A;&#x179B;&#x1794;&#x17CB;&#x1785;&#x17BC;&#x179B;&#x179A;&#x17B6;&#x1787;&#x179C;&#x17B6;&#x17C6;&#x1784;&#x179C;&#x17B7;&#x1789; &#x17D4;&#x200B;</subfield>
  </datafield>
  <datafield tag="520" ind1=" " ind2=" ">
    <subfield code="a">There was once an emperor who ruled over a certain kingdom. He dearly loved wearing fine and expensive clothes. One day, some thieves disguised themselves as tailors. They received a great amount of gold from the emperor, but what he actually got from them was just a shirt, a pair of pants, and a scarf. The emperor was very pleased and proudly wore them outside the palace. However, he met a child who told him that he was completely naked. The emperor was embarrassed and hurried back into the palace.</subfield>
  </datafield>
  <datafield tag="521" ind1="8" ind2=" ">
    <subfield code="a">510 
</subfield>
    <subfield code="b">Lexile estimate 
</subfield>
  </datafield>
  <datafield tag="521" ind1="8" ind2=" ">
    <subfield code="a">K 
</subfield>
    <subfield code="b">Raz-Plus 
</subfield>
  </datafield>
  <datafield tag="650" ind1=" " ind2=" ">
    <subfield code="a">&#x179F;&#x1798;&#x17D2;&#x179B;&#x17C0;&#x1780;&#x1794;&#x17C6;&#x1796;&#x17B6;&#x1780;&#x17CB;&#x1790;&#x17D2;&#x1798;&#x17B8;&#x179A;&#x1794;&#x179F;&#x17CB;&#x1796;&#x17D2;&#x179A;&#x17C7;&#x1785;&#x17C5;&#x17A2;&#x1792;&#x17B7;&#x179A;&#x17B6;&#x1787;</subfield>
    <subfield code="v">&#x179A;&#x17BF;&#x1784;&#x1793;&#x17B7;&#x1791;&#x17B6;&#x1793;&#x1780;&#x17BB;&#x1798;&#x17B6;&#x179A;</subfield>
  </datafield>
  <datafield tag="650" ind1=" " ind2=" ">
    <subfield code="a">Emperor's new clothes </subfield>
    <subfield code="v">Children's Stories </subfield>
  </datafield>
  <datafield tag="942" ind1=" " ind2=" ">
    <subfield code="2">ddc</subfield>
    <subfield code="c">KHB</subfield>
    <subfield code="n">0</subfield>
  </datafield>
  <datafield tag="999" ind1=" " ind2=" ">
    <subfield code="c">8887</subfield>
    <subfield code="d">8887</subfield>
  </datafield>
  <datafield tag="952" ind1=" " ind2=" ">
    <subfield code="0">0</subfield>
    <subfield code="1">0</subfield>
    <subfield code="2">ddc</subfield>
    <subfield code="4">0</subfield>
    <subfield code="7">0</subfield>
    <subfield code="8">Khmer-English Bilingual </subfield>
    <subfield code="a">002</subfield>
    <subfield code="b">002</subfield>
    <subfield code="c">TTP Khmer</subfield>
    <subfield code="d">2025-10-30</subfield>
    <subfield code="l">0</subfield>
    <subfield code="o">ANO PZ7 895</subfield>
    <subfield code="p">FISBK072222</subfield>
    <subfield code="r">2025-10-30 08:38:15</subfield>
    <subfield code="t">1</subfield>
    <subfield code="w">2025-10-30</subfield>
    <subfield code="y">KHB</subfield>
  </datafield>
  <datafield tag="952" ind1=" " ind2=" ">
    <subfield code="0">0</subfield>
    <subfield code="1">0</subfield>
    <subfield code="2">ddc</subfield>
    <subfield code="4">0</subfield>
    <subfield code="7">0</subfield>
    <subfield code="8">Khmer-English Bilingual </subfield>
    <subfield code="a">002</subfield>
    <subfield code="b">002</subfield>
    <subfield code="c">TTP Khmer</subfield>
    <subfield code="d">2025-11-10</subfield>
    <subfield code="l">0</subfield>
    <subfield code="o">ANO PZ7 895</subfield>
    <subfield code="p">FISBK03804</subfield>
    <subfield code="r">2025-11-10 15:42:46</subfield>
    <subfield code="t">2</subfield>
    <subfield code="w">2025-11-10</subfield>
    <subfield code="y">KHB</subfield>
  </datafield>
  <datafield tag="952" ind1=" " ind2=" ">
    <subfield code="0">0</subfield>
    <subfield code="1">0</subfield>
    <subfield code="2">ddc</subfield>
    <subfield code="4">0</subfield>
    <subfield code="7">0</subfield>
    <subfield code="8">Khmer-English Bilingual </subfield>
    <subfield code="a">002</subfield>
    <subfield code="b">002</subfield>
    <subfield code="c">TTP Khmer</subfield>
    <subfield code="d">2025-11-10</subfield>
    <subfield code="l">0</subfield>
    <subfield code="o">ANO PZ7 895</subfield>
    <subfield code="p">FISTK04619</subfield>
    <subfield code="r">2025-11-10 16:10:59</subfield>
    <subfield code="t">3</subfield>
    <subfield code="w">2025-11-10</subfield>
    <subfield code="y">KHB</subfield>
  </datafield>
</record>
